Countries with alternate official names - Statistics

General Stats
  • This quiz has been taken 30 times
    20 since last reset
  • The average score is 5 of 13
Answer Stats
Reason Continent Official country name % Correct
Portuguese as offical language Africa Republic of Cabo Verde
91%
According to the king, it's not to be confused with Switzerland Africa Kingdom of eSwatini
73%
Communism, Nixon and Mao Asia Peoples Republic of China
73%
1950-53, Cold War Allegiances and DMZ. Asia Democratic Peoples Republic of Korea
55%
Capitalism, Kuomintang and Chang Kai Shek Asia Republic of China
55%
Difference with northern neighbor and different colonial history Africa Democratic Republic of the Congo
36%
French as official language Africa Republic of Cote d'Ivore
36%
These people named the continent and than the Romans spread their ideas through the continent. The Romans however also gave these people a different denomym. Europe Hellenic Republic
27%
Because God's says so Europe Holy See
27%
A province in the bordering country (the next country in this list) Europe the former Yugoslav Republic of Macedonia
27%
Tourism combined with the most populous and wealthy province(s) of the largest governate. Europe Kingdom of The Netherlands
9%
Apparently they really hate war Asia Nation of Brunei, the Abode of Peace
9%
Because the governed area is a geographical and historical cluster**** Europe United Kingdom of Great Britain and Northern Ireland
9%
No matching quizzes found
Score Distribution
Percent of People with Each Score
Percentile by Number Answered
Your Score History
You have not taken this quiz since the last reset